Trương Thanh Hằng "Nữ hoàng tốc độ" của điền kinh Việt Nam /

Enregistré dans:
Détails bibliographiques
Auteur principal: Ái Ly.
Format: Article
Langue:Vietnamese
Sujets:
Tags: Ajouter un tag
Pas de tags, Soyez le premier à ajouter un tag!
Thư viện lưu trữ: Thư viện Trường Đại học Đà Lạt
LEADER 00742nam a2200265 4500
001 DLU110124720
005 ##20110912
040 # # |a DLU  |b vie 
041 # # |a vie 
044 # # |a vn 
100 # # |a Ái Ly. 
245 # # |a Trương Thanh Hằng "Nữ hoàng tốc độ" của điền kinh Việt Nam /  |c Ái Ly. 
653 # # |a Huy chương vàng 
653 # # |a Thành tích 
653 # # |a Vận động viên 
773 # # |t Công nghiệp  |g Số 1-2, 2008, tr. 86 
920 # # |a Phòng Tạp chí -- Trung tâm Thông tin - Thư viện Trường Đại học Đà Lạt 
994 # # |a DLU 
900 # # |a True 
911 # # |a Nguyễn Thị Linh Chi 
925 # # |a G 
926 # # |a A 
927 # # |a BB 
980 # # |a Thư viện Trường Đại học Đà Lạt